Rebuilding Leviathan : (Record no. 10107)
[ view plain ]
| 000 -LEADER | |
|---|---|
| fixed length control field | 02303cam a2200445 a 4500 |
| 090 ## - LOCALLY ASSIGNED LC-TYPE CALL NUMBER (OCLC); LOCAL CALL NUMBER (OCLC) | |
| -- | 10107 |
| 001 - CONTROL NUMBER | |
| control field | 14505500 |
| 005 - DATE AND TIME OF LATEST TRANSACTION | |
| control field | 20071019110743.0 |
| 008 - FIXED-LENGTH DATA ELEMENTS--GENERAL INFORMATION | |
| fixed length control field | 060818s2007 enka b 001 0 eng |
| 010 ## - LIBRARY OF CONGRESS CONTROL NUMBER | |
| LC control number | 2006026397 |
| 015 ## - NATIONAL BIBLIOGRAPHY NUMBER | |
| National bibliography number | GBA704455 |
| Source | bnb |
| 016 7# - NATIONAL BIBLIOGRAPHIC AGENCY CONTROL NUMBER | |
| Record control number | 013645435 |
| Source | Uk |
| 020 ## - INTERNATIONAL STANDARD BOOK NUMBER | |
| International Standard Book Number | 0521873967 (hardback) |
| 020 ## - INTERNATIONAL STANDARD BOOK NUMBER | |
| International Standard Book Number | 9780521873963 (hardback) |
| 020 ## - INTERNATIONAL STANDARD BOOK NUMBER | |
| International Standard Book Number | 0521696151 (pbk.) |
| 020 ## - INTERNATIONAL STANDARD BOOK NUMBER | |
| International Standard Book Number | 9780521696159 (pbk.) |
| 035 ## - SYSTEM CONTROL NUMBER | |
| System control number | (OCoLC)ocm71146163 |
| 035 ## - SYSTEM CONTROL NUMBER | |
| System control number | (OCoLC)71146163 |
| 040 ## - CATALOGING SOURCE | |
| Original cataloging agency | DLC |
| Transcribing agency | DLC |
| Modifying agency | YDX |
| -- | BAKER |
| -- | UKM |
| -- | BTCTA |
| -- | YDXCP |
| -- | DLC |
| 043 ## - GEOGRAPHIC AREA CODE | |
| Geographic area code | ee----- |
| 050 00 - LIBRARY OF CONGRESS CALL NUMBER | |
| Classification number | JN96.A979 |
| Item number | G78 2007 |
| 082 00 - DEWEY DECIMAL CLASSIFICATION NUMBER | |
| Classification number | 324.20947 |
| Edition number | 22 |
| Item number | BUS |
| 100 1# - MAIN ENTRY--PERSONAL NAME | |
| Personal name | Grzymała-Busse, Anna Maria, |
| Dates associated with a name | 1970- |
| 245 10 - TITLE STATEMENT | |
| Title | Rebuilding Leviathan : |
| Remainder of title | party competition and state exploitation in post-communist democracies / |
| Statement of responsibility, etc | Anna Grzymala-Busse. |
| 260 ## - PUBLICATION, DISTRIBUTION, ETC. (IMPRINT) | |
| Place of publication, distribution, etc | Cambridge ; |
| -- | New York : |
| Name of publisher, distributor, etc | Cambridge University Press, |
| Date of publication, distribution, etc | c.2007. |
| 300 ## - PHYSICAL DESCRIPTION | |
| Extent | xiv, 274 p. : |
| Other physical details | ill. ; |
| Dimensions | 24 cm. |
| 440 #0 - | |
| -- | Cambridge studies in comparative politics |
| 504 ## - BIBLIOGRAPHY, ETC. NOTE | |
| Bibliography, etc | Includes bibliographical references (p. 247-268) and index. |
| 505 0# - FORMATTED CONTENTS NOTE | |
| Formatted contents note | Competing for the state -- Developing the formal institutions of the state -- The expansion of state administration : exploitation or patronage? -- Privatizing the state : party financing strategies -- Conclusion -- Appendix A. Party organizations in post-communist democracies -- Appendix B. Measuring state administration employment -- Appendix C. Anchoring vignettes. |
| 650 #0 - SUBJECT ADDED ENTRY--TOPICAL TERM | |
| Topical term or geographic name as entry element | Political parties |
| Geographic subdivision | Europe, Eastern. |
| 650 #0 - SUBJECT ADDED ENTRY--TOPICAL TERM | |
| Topical term or geographic name as entry element | Post-communism |
| Geographic subdivision | Europe, Eastern. |
| 651 #0 - SUBJECT ADDED ENTRY--GEOGRAPHIC NAME | |
| Geographic name | Europe, Eastern |
| General subdivision | Politics and government |
| Chronological subdivision | 1989- |
| 856 41 - ELECTRONIC LOCATION AND ACCESS | |
| Materials specified | Table of contents only |
| Uniform Resource Identifier | <a href="http://www.loc.gov/catdir/toc/ecip0619/2006026397.html">http://www.loc.gov/catdir/toc/ecip0619/2006026397.html</a> |
| 856 42 - ELECTRONIC LOCATION AND ACCESS | |
| Materials specified | Publisher description |
| Uniform Resource Identifier | <a href="http://www.loc.gov/catdir/enhancements/fy0702/2006026397-d.html">http://www.loc.gov/catdir/enhancements/fy0702/2006026397-d.html</a> |
| 856 42 - ELECTRONIC LOCATION AND ACCESS | |
| Materials specified | Contributor biographical information |
| Uniform Resource Identifier | <a href="http://www.loc.gov/catdir/enhancements/fy0729/2006026397-b.html">http://www.loc.gov/catdir/enhancements/fy0729/2006026397-b.html</a> |
| 906 ## - LOCAL DATA ELEMENT F, LDF (RLIN) | |
| a | 7 |
| b | cbc |
| c | orignew |
| d | 1 |
| e | ecip |
| f | 20 |
| g | y-gencatlg |
| 942 ## - ADDED ENTRY ELEMENTS (KOHA) | |
| Source of classification or shelving scheme | Dewey Decimal Classification |
| Item type | |
| Withdrawn status | Item status | Source of classification or shelving scheme | Damaged status | Not for loan | Home library | Current library | Shelving location | Date acquired | Source of acquisition | Total Checkouts | Full call number | Barcode | Date last seen | Date last borrowed | Cost, replacement price | Koha item type |
|---|---|---|---|---|---|---|---|---|---|---|---|---|---|---|---|---|
| Dewey Decimal Classification | Central Library | Central Library | First floor | 12/08/2008 | Purchase | 1 | 324.20947 BUS | 000013754 | 15/07/2025 | 07/11/2013 | 115.00 | NB - Book (Non borrowing) |